Città italiane dalla sua Chiesa - Statistics

Statistiche generali
  • Questo quiz è stato fatto 131 volte
  • Il punteggio medio è 9 su 12
Statistiche sulle risposte
con Immagini Risposta % Corretto
Milano
100%
Firenze
97%
Pisa
94%
Venezia
92%
Assisi (Perugia)
84%
Palermo
84%
Superga (Torino)
78%
Orvieto (Terni)
67%
Siena
62%
Padova
58%
Catania
55%
Loreto (Ancona)
35%
Nessun quiz corrispondente trovato
Distribuzione punteggi
Percentuale di utenti per punteggio
Percentile per numero di risposta
I tuoi punteggi nel tempo
Non hai fatto questo quiz